Introducción a la lógica
Gespeichert in:
| Hauptverfasser: | , |
|---|---|
| Format: | Buch |
| Sprache: | Spanisch |
| Veröffentlicht: |
Ciudad de México, México.
Limusa,
2017
|
| Ausgabe: | 2a. ed |
| Schlagworte: | |
| Tags: |
Tag hinzufügen
Keine Tags, Fügen Sie den ersten Tag hinzu!
|
MARC
| LEADER | 00000cam a2200000 a 4500 | ||
|---|---|---|---|
| 001 | UCC9778 | ||
| 003 | CL-VaPUC | ||
| 005 | 20231128114012.0 | ||
| 008 | 191111e20170000mx spa d | ||
| 999 | |c 178753 |d 178751 | ||
| 020 | |a 9786070503252 | ||
| 040 | |c Pontificia Universidad Católica de Valparaíso | ||
| 082 | 0 | 4 | |a 160 COP 2017 |2 21 |
| 100 | 1 | |a Copi, Irving M |e author |9 245662 | |
| 245 | 1 | 0 | |a Introducción a la lógica |
| 250 | |a 2a. ed | ||
| 260 | |a Ciudad de México, México. |b Limusa, |c 2017 | ||
| 300 | |a 808 páginas | ||
| 583 | |a last modification |c 20191111 11:04:27 |k cmena | ||
| 650 | 0 | 0 | |a Lógica |9 256849 |
| 650 | 0 | 0 | |a Análisis del discurso |9 256696 |
| 650 | 0 | 0 | |a Razonamiento |9 256520 |
| 700 | 1 | |a Cohen, Carl |e author |9 605096 | |
| 942 | |c BK |2 ddc | ||
| 945 | |a cmena |d 20191111 01:17:00 | ||
| 952 | |0 0 |1 0 |2 ddc |3 erb |4 0 |6 160_000000000000000_COP_2017 |7 0 |8 R |9 495357 |a BIBEDU |b BIBEDU |c MCIRC |d 2019-10-15 |e 39 |g 77540.00 |i 5564158 |l 24 |o 160 COP 2017 |p 5564158 |r 2023-04-05 |s 2023-04-03 |t 3 |w 2020-01-06 |y BK_R |z Catalogado en:20191111 |k FIL | ||
| 952 | |0 0 |1 0 |2 ddc |3 erb |4 0 |6 160_000000000000000_COP_2017 |7 0 |8 R |9 495358 |a BIBEDU |b BIBEDU |c MCIRC |d 2019-10-15 |e 39 |g 77540.00 |i 556414K |l 12 |o 160 COP 2017 |p 556414K |r 2025-03-31 |s 2025-03-31 |t 2 |w 2020-01-06 |y BK_R |z Catalogado en:20191111 |k FIL | ||
| 952 | |0 0 |1 0 |2 ddc |3 erb |4 0 |6 160_000000000000000_COP_2017 |7 0 |8 R |9 495359 |a BIBEDU |b BIBEDU |c MCIRC |d 2019-10-15 |e 39 |g 77540.00 |i 5564131 |l 8 |m 1 |o 160 COP 2017 |p 5564131 |r 2024-06-12 |s 2024-06-10 |t 1 |w 2020-01-06 |y BK_R |z Catalogado en:20191111 |k FIL | ||